Qui a chanté cette chanson ? #10 - Statistiques

Statistiques générales
  • Ce quiz a été pris 135 fois
  • Le résultat moyen est 8 sur 15
Statistiques - réponses
Chansons Chanteurs % Correct
Chandelier Sia
97%
Shallow Lady Gaga/Bradley Cooper
89%
Houdini Dua Lipa
80%
Blinding Lights The Weeknd
79%
Watermelon Sugar Harry Styles
64%
Dynamite BTS
51%
Not Like Us Kendrick Lamar
48%
Dance Monkey Tones and I
47%
Say So Doja Cat
46%
Memories Maroon 5
45%
Before You Go Lewis Capaldi
44%
Kings and Queens Ava Max
39%
Toosie Slide Drake
26%
Tusa Nicki Minaj
18%
In my bones Ray Dalton
7%
Aucun quiz correspondant
Distribution des résultats
% des personnes avec chaque résultat
Percentile par nombre de réponses
Votre historique - résultats
Vous n’avez pas pris ce quiz